| 000 | 01118nam a2200205 a 4500 | ||
|---|---|---|---|
| 001 | 000046700 | ||
| 005 | 20240226135628.0 | ||
| 008 | 180319s2017 dr a 000 0 spa d | ||
| 020 | _a9789945894653 | ||
| 040 |
_aDO-SdBNP _bspa _cBNPHU |
||
| 082 |
_axxx _bK65p |
||
| 100 | 1 |
_aKlinger Pevida, Eduardo _92240 |
|
| 245 | 1 | 4 |
_aLos premios nobel 1901-2016 : _blos laureados, aportes premiados e impactos socioeconómicos / _cEduardo Klinger Pevida ; prólogo Luis Scheker Ortiz. |
| 260 |
_aSanto Domingo : _bAcademia de Ciencias de la República Dominicana : _bMinisterio de Educacion Superior, Ciencia y Tecnologia (MESCYT), _c2017. |
||
| 300 |
_a955 p. : _bil., retrs ; _c23 cm. |
||
| 500 | _aIncluye datos del autor en la solapa de la contracubierta. | ||
| 505 | 0 |
_aPremios nobel de física _tPremios nobel de química _tPremios nobel de fisiología y medicina _tPremios nobel de literatura _tPremios nobel de la paz _tLos Premios nobel de economía 1968-1999 _tLos Premios nobel de América Latina y el Caribe _tLas mujeres y el premio Nobel |
|
| 590 | _aInventariado, 2018 /LP | ||
| 700 | 1 |
_aScheker, Ortiz Luis, _epról. _99515 |
|
| 999 |
_c46189 _d46189 |
||